Ovinos hampshire down /
Guardado en:
| Autor Principal: | |
|---|---|
| Formato: | Libro |
| Publicado: |
Buenos Aires :
Albatros,
1978
|
| Materias: | |
| Etiquetas: |
Agregar Etiqueta
Sin Etiquetas, Sea el primero en etiquetar este registro!
|
| LEADER | 01117nam a22001935a 4500 | ||
|---|---|---|---|
| 001 | CEM.cems015879 | ||
| 005 | 20090907163114.0 | ||
| 008 | 130507s1978##################000#0#####d | ||
| 003 | CEMS | ||
| 082 | 0 | 4 | |a 636.3 |
| 100 | 1 | |a Frankel, Aida María | |
| 245 | 1 | 0 | |a Ovinos hampshire down / |c Aida María Frankel |
| 260 | |a Buenos Aires : |b Albatros, |c 1978 | ||
| 300 | |a 168 p. | ||
| 505 | 0 | |a Origen y formación de la raza -- Difusión de la raza en Inglaterra -- Difusión en Estados Unidos de Norte-América -- Difusión del hampsire down en la Argentina -- Características zootécnicas -- Requerimientos nutritivos de la oveja madre y del cordero -- Influencia de la alimentación -- Alimentación de ovinos -- Fertilidad de los lanares -- Utilización comercial de la raza hampshire down -- Apreciaciones de interés para criadores -- Enfermedades de los ovinos -- Estatuto de la Asociación Argentina de Criadores de Hapshire Down -- Reglamento del control de rebaños Hampshire Down | |
| 653 | |a Ovejas | ||
| 653 | |a Ovinos hampshire down | ||
| 653 | |a Ovinos | ||
| 859 | |a CEMS |b BIB. CEMS - Agricultura |h 636.3 |i F844 |p A12269.83 |t Ej.1 | ||
